|
|
|
|
| LEADER |
01788nam a2200301 u 4500 |
| 001 |
10029825 |
| 003 |
GR-PaULI |
| 005 |
20210117210013.0 |
| 008 |
990906s1995 us eng |
| 952 |
|
|
|0 0
|1 0
|2 ddc
|4 0
|6 552_400000000000000_LOW
|7 0
|9 198222
|a LISP
|b LISP
|c BSC
|d 2016-04-24
|i 050248
|l 0
|o 552.4 LOW
|p 025000063144
|r 2016-04-24 00:00:00
|t 1
|v 2016.00
|w 2016-04-24
|y BK15
|
| 952 |
|
|
|0 0
|1 0
|2 ddc
|4 0
|6 552_400000000000000_LOW
|7 0
|9 198223
|a LISP
|b LISP
|c BSC
|d 2016-04-24
|i 050246
|l 0
|o 552.4 LOW
|p 025000063145
|r 2016-04-24 00:00:00
|t 2
|v 2016.00
|w 2016-04-24
|y BK15
|
| 952 |
|
|
|0 0
|1 0
|2 ddc
|4 0
|6 552_400000000000000_LOW
|7 0
|9 198224
|a LISP
|b LISP
|c BSC
|d 2016-04-24
|i 050247
|l 1
|o 552.4 LOW
|p 025000063146
|r 2019-10-17 00:00:00
|s 2019-10-15
|t 3
|v 2016.00
|w 2016-04-24
|y BK15
|
| 952 |
|
|
|0 0
|1 0
|4 0
|6 552_400000000000000_S
|7 0
|9 198225
|a CHEM
|b CHEM
|d 2016-04-24
|i 061255
|l 0
|o 552.4 S
|p 025000083791
|r 2016-04-24 00:00:00
|t 4
|v 2016.00
|w 2016-04-24
|y BK15
|
| 999 |
|
|
|c 121727
|d 121727
|
| 020 |
|
|
|a 0813722969
|
| 040 |
|
|
|a GR-PaULI
|c GR-PaULI
|b gre
|e AACR2
|
| 082 |
0 |
4 |
|a 552.4
|2 23
|
| 245 |
0 |
0 |
|a Low-grade metamorphism of mafic rocks /
|c edited by Peter Schiffman and Howard W. Day.
|
| 260 |
|
|
|a Boulder :
|b Geological Society of America,
|c 1995.
|
| 300 |
|
|
|a iv, 187 σ. :
|b εικ., χαρτ. ;
|c 28 εκ.
|
| 490 |
1 |
|
|a Special paper ( Geological society of America)
|v 296.
|
| 504 |
|
|
|a Περιλαμβάνει βιβλιογραφικές παραπομπές και ευρετήριο.
|
| 650 |
|
4 |
|a Μεταμορφισμός (Γεωλογία)
|x
|9 35329
|
| 700 |
1 |
|
|a Schiffman, Peter
|4
|9 153347
|e επιμελητής.
|
| 700 |
1 |
|
|a Day, Howard Wilman,
|d 1942-
|4
|e επιμελητής.
|9 153348
|
| 830 |
|
0 |
|9 178453
|a Special paper (Geological society of America)
|v 296.
|
| 942 |
|
|
|2 ddc
|c BK15
|
| 998 |
|
|
|c ΠΑΝΑΓΟΠΟΥΛΟΥ
|d 1999-09
|